المرأة في القوات المسلحة والإعلام العسكري كقوة ناعمة / (رقم التسجيلة. 247212)
[ عرض عادي ]
| 000 -الفاتح | |
|---|---|
| عناصر البيانات ثابتة الطول | 01004nam a22002537i 4500 |
| 005 - تاريخ ووقت آخر معاملة | |
| حقل ضبط | 20251222092641.0 |
| 008 - عناصر البيانات ثابتة الطول | |
| عناصر البيانات ثابتة الطول | 250906s2025 |||||||gr|||| 00| 0 ara d |
| 020 ## - الترقيم الدولي المعياري للكتب (ردمك) | |
| الترقيم الدولي المعياري للكتب (ردمك) | 9789923800539 |
| 040 ## - مصدر الفهرسة | |
| هيئة الفهرسة الأصلية | JO-AmGAM |
| قواعد الوصف | rda |
| 082 14 - رقم تصنيف ديوي العشري | |
| رقم التصنيف | 305.435 |
| رقم المادة | ع م ا |
| 100 1# - مدخل رئيسي – اسم شخصي | |
| الاسم الشخصي | العمارات، فارس محمد |
| علاقة الشخص بالعمل/ دوره | مؤلف. |
| 245 12 - بيان العنوان | |
| العنوان | المرأة في القوات المسلحة والإعلام العسكري كقوة ناعمة / |
| بيان المسؤولية | الدكتور فارس محمد العمارات، ابراهيم محمد الحمامصة. |
| 250 ## - بيان الطبعة | |
| بيان الطبعة | الطبعة الأولى. |
| 264 31 - بيانات النشر، التوزيع…إلخ | |
| مكان النشر، التوزيع...إلخ | عمان : |
| اسم الناشر، الموزع...إلخ | دار شهرزاد للنشر و التوزيع، |
| تاريخ النشر، التوزيع...إلخ | 2025. |
| 300 ## - الوصف المادي | |
| عدد الوحدات المكونة للوعاء | 126 صفحة. |
| 336 ## - نوع المحتوى | |
| المصدر | rdacontent |
| مصطلح نوع المحتوى | نص |
| كود نوع المحتوى | txt |
| 337 ## - نوع الوسيط | |
| المصدر | rdamedia |
| مصطلح نوع الوسيط | دون وسيط عرض |
| كود نوع الوسيط | n |
| 338 ## - نوع الحامل | |
| المصدر | rdacarrier |
| مصطلح نوع الحامل | مجلد |
| كود نوع الحامل | nc |
| 650 17 - مدخل إضافي بالموضوع - مصطلح موضوعي | |
| مصطلح موضوعي أو اسم جغرافي كعنصر مدخل | دور المرأة. |
| 650 17 - مدخل إضافي بالموضوع - مصطلح موضوعي | |
| مصطلح موضوعي أو اسم جغرافي كعنصر مدخل | القوات المسلحة. |
| 700 1# - مدخل إضافي - اسم شخصي | |
| الاسم الشخصي | الحمامصة، ابراهيم محمد |
| علاقة الشخص بالعمل/ دوره | مؤلف. |
| 942 ## - بيانات إضافية (كوها) | |
| نوع التنصيف | Dewey Decimal Classification |
| نوع المادة (كوها) | كتب |
| حالة السحب | حالة الفقدان | مصدر التصنيف | حالة التلف | غير قابل للإعارة | المكتبة الرئيسية | المكتبة الحالية | موقع الرف | تاريخ التزويد | مصدر التزويد | العملة | التكلفة، سعر الشراء العادي | الرقم المتسلسل | Total Checkouts | تاريخ آخر ظهور | التكلفة وسعر الاستبدال | تاريخ الفاتورة | نوع المادة (كوها) | رقم الإستدعاء | الباركود |
|---|---|---|---|---|---|---|---|---|---|---|---|---|---|---|---|---|---|---|---|
| Dewey Decimal Classification | المكتبة المركزية | المكتبة المركزية | مقتنيات قسم التزويد | 12/11/2025 | 8 | JOD | 5.00 | 1798164 | 12/11/2025 | 5.00 | 12/11/2025 | كتب | |||||||
| Dewey Decimal Classification | المكتبة المركزية | المكتبة المركزية | الإعارة | 12/11/2025 | 8 | JOD | 5.00 | 1798163 | 12/11/2025 | 5.00 | 12/11/2025 | كتب | 305.435 / ع م ا | PLD00519169 | |||||
| Dewey Decimal Classification | المكتبة المركزية | المكتبة المركزية | مقتنيات قسم التزويد | 12/11/2025 | 8 | JOD | 5.00 | 1798166 | 12/11/2025 | 5.00 | 12/11/2025 | كتب | |||||||
| Dewey Decimal Classification | المكتبة المركزية | المكتبة المركزية | الإعارة | 12/11/2025 | 8 | JOD | 5.00 | 1798162 | 12/11/2025 | 5.00 | 12/11/2025 | كتب | 305.435 / ع م ا | PLD00519168 | |||||
| Dewey Decimal Classification | المكتبة المركزية | المكتبة المركزية | مقتنيات قسم التزويد | 12/11/2025 | 8 | JOD | 5.00 | 1798168 | 12/11/2025 | 5.00 | 12/11/2025 | كتب | |||||||
| Dewey Decimal Classification | المكتبة المركزية | المكتبة المركزية | مقتنيات قسم التزويد | 12/11/2025 | 8 | JOD | 5.00 | 1798167 | 12/11/2025 | 5.00 | 12/11/2025 | كتب | |||||||
| Dewey Decimal Classification | المكتبة المركزية | المكتبة المركزية | مقتنيات قسم التزويد | 12/11/2025 | 8 | JOD | 5.00 | 1798165 | 12/11/2025 | 5.00 | 12/11/2025 | كتب | |||||||
| Dewey Decimal Classification | مكتبة أم قصير والمقابلين العامة | مكتبة أم قصير والمقابلين العامة | الإعارة | 13/11/2025 | 8 | JOD | 5.00 | 1798172 | 13/11/2025 | 5.00 | 13/11/2025 | كتب | 305.435 / ع م ا | PLD00519173 | |||||
| Dewey Decimal Classification | مكتبة الأميرة ايمان العامة | مكتبة الأميرة ايمان العامة | الإعارة | 12/11/2025 | 8 | JOD | 5.00 | 1798169 | 12/11/2025 | 5.00 | 12/11/2025 | كتب | 305.435 / ع م ا | PLD00519170 | |||||
| Dewey Decimal Classification | مكتبة الاميرة بديعة | مكتبة الاميرة بديعة | الإعارة | 13/11/2025 | 8 | JOD | 5.00 | 1798173 | 13/11/2025 | 5.00 | 13/11/2025 | كتب | 305.435 / ع م ا | PLD00519174 | |||||
| Dewey Decimal Classification | مكتبة الجويدة | مكتبة الجويدة | الإعارة | 13/11/2025 | 8 | JOD | 5.00 | 1798175 | 13/11/2025 | 5.00 | 13/11/2025 | كتب | 305.435 / ع م ا | PLD00519176 | |||||
| Dewey Decimal Classification | مكتبة الحسن العامة | مكتبة الحسن العامة | الإعارة | 13/11/2025 | 8 | JOD | 5.00 | 1798174 | 13/11/2025 | 5.00 | 13/11/2025 | كتب | 305.435 / ع م ا | PLD00519175 | |||||
| Dewey Decimal Classification | مكتبة حمزة العامة | مكتبة حمزة العامة | الإعارة | 13/11/2025 | 8 | JOD | 5.00 | 1798176 | 13/11/2025 | 5.00 | 13/11/2025 | كتب | 305.435 / ع م ا | PLD00519177 | |||||
| Dewey Decimal Classification | مكتبة صويلح العامة | مكتبة صويلح العامة | الإعارة | 12/11/2025 | 8 | JOD | 5.00 | 1798171 | 12/11/2025 | 5.00 | 12/11/2025 | كتب | 305.435 / ع م ا | PLD00519172 | |||||
| Dewey Decimal Classification | مكتبة وادي السير العامة | مكتبة وادي السير العامة | الإعارة | 12/11/2025 | 8 | JOD | 5.00 | 1798170 | 12/11/2025 | 5.00 | 12/11/2025 | كتب | 305.435 / ع م ا | PLD00519171 |